| 000 | 01355nam0a2200361 4500 | ||
|---|---|---|---|
| 001 | RU\NLR\BIBL_A\011547949 | ||
| 005 | 20260406143013.0 | ||
| 010 |
_a9785699996377 _93000 |
||
| 021 |
_aRU _b2017-86332 _96169 |
||
| 035 | _a(RuMoRGB)009450635 | ||
| 035 | _a(NLR Aleph) 011547949 | ||
| 090 |
_a12229627 _c12229627 |
||
| 100 | _a20171206d2017 m y0rusy50 ca | ||
| 101 | 1 |
_arus _ceng |
|
| 102 | _aRU | ||
| 105 | _aa z 000zy | ||
| 200 | 1 |
_aВсе, о чем мечтаю _eкнига женского счастья _e[для тех, кто хочет от жизни большего] _fЛуиза Хей _g[пер. с англ. Модзелевская М. П. и др.] |
|
| 210 |
_aМосква _cЭксмо _d2017 |
||
| 215 |
_a1005 с. _cил. _d26 |
||
| 225 | 1 | _aМировой бестселлер | |
| 517 | 1 | _aКнига женского счастья | |
| 606 |
_aЖенщины _jПопулярные издания _xПсихогигиена _92345343 _3RU\NLR\AUTH\661401591 |
||
| 686 |
_aЮ949.2,0 _2rubbk |
||
| 686 |
_aС555.535,0 _2rubbk |
||
| 686 |
_aЮ937.3,0 _2rubbk |
||
| 686 | 1 | _aЮ948.1-8я9 | |
| 686 | 1 | _aЮ937.23 я9 | |
| 686 | 1 | _aС550.535 я9 | |
| 700 | 1 |
_8rus _7ca _aХей _bЛ. Л. _f1926-2017 _gЛуиза Л. _3RU\NLR\AUTH\773619 _9113613 |
|
| 942 | _cBOOK | ||
| 980 | _aNBR | ||